Reklamné listy. O reklame, médiách a komunikácii

Z obsahu sekcie: Firmy a ich komunikácia. Kreatívne riešenia - Zlaté klince za rok 1995. Ľudia z reklamy. Integrovaný prístup v marketingovej komunikácii. Producentské firmy prispievajú k úrovni reklamných spotov. Trh médií. Prieskumy. Reklama a šport. Kalendár veľtrhov a výstav - máj-jún 1996.

Gespeichert in:
Bibliographische Detailangaben
Format: Buchkapitel
Sprache:Slowakisch
Schlagworte:
Tags: Tag hinzufügen
Keine Tags, Fügen Sie das erste Tag hinzu!

MARC

LEADER 00000naa a2200000 4500
001 r021332
005 20230921074117.2
041 0 |a slo 
044 |a SK 
245 1 0 |a Reklamné listy. O reklame, médiách a komunikácii 
520 |a Z obsahu sekcie: Firmy a ich komunikácia. Kreatívne riešenia - Zlaté klince za rok 1995. Ľudia z reklamy. Integrovaný prístup v marketingovej komunikácii. Producentské firmy prispievajú k úrovni reklamných spotov. Trh médií. Prieskumy. Reklama a šport. Kalendár veľtrhov a výstav - máj-jún 1996. 
610 2 0 |a Slovensko 
610 2 0 |a reklama 
610 2 0 |a komunikácia masová 
610 2 0 |a tvorba reklamy 
610 2 0 |a marketing 
610 2 0 |a prieskum štatistický 
610 2 0 |a telovýchova 
610 2 0 |a veľtrhy 
610 2 0 |a výstavy